| 000 | 00499nam a2200157 4500 | ||
|---|---|---|---|
| 001 | 127891 | ||
| 003 | ES-MaACL | ||
| 005 | 20230906193119.0 | ||
| 007 | t| | ||
| 008 | 070214s1940 sp r ||||1| spa d | ||
| 100 | 1 |
_aRivera Recio, Juan Francisco. _997667 |
|
| 245 | 1 | 0 |
_aElipando de Toledo _b: nueva aportación a los estudios mozarabes / _cJuan Francisco Rivera Recio. |
| 260 |
_aToledo : _bEd. Católica Toledana, _c1940. |
||
| 300 |
_a59 p. ; _c24 cm. |
||
| 852 |
_aES-MaACL _j1811-F-18 _bR.18184 |
||
| 999 |
_c127891 _d127891 |
||